000 01015cab a2200289 4500
001 WB3141-37
008 090401t1995 xxu||||| |||| 00| 0 eng d
035 _a(Sirsi) u15063
041 _aeng
245 _aInsurers face RICS action
260 _c1995
350 _a0
490 _aProperty Week
_v53(5) 2 November 1995, 8(1)
520 _aThe RICS is suing four insurance companies for over £100,000 after they refused to meet a claim for a member`s mishandling of funds. The underwriters argue that the payout is only valid if the funds were misappropriated by either fraud or dishonesty, which is not the case here.
650 _aCLIENTS MONEY
650 _aGUARANTEE SOCIETY
650 _aINSURANCE CLAIMS
650 _aMISAPPROPRIATED FUNDS
650 _aPRUDENTIAL INSURANCE
650 _aRICS
650 _aROYAL INSURANCE
650 _aSUN ALLIANCE
690 _aINSURANCE
_96249
690 _aMANAGEMENT-BUSINESS MANAGEMENT-PROFESSIONAL PRACTICE
942 _n0
948 _c04/03/1997
999 _c9838
_d9838